| 000 | 02163cam a22005054i 4500 | ||
|---|---|---|---|
| 003 | PE-LiUPU | ||
| 005 | 20250731172945.0 | ||
| 008 | 150616s r 000 0 d | ||
| 035 | _a(Sirsi) a2116 | ||
| 040 |
_aPE-LiUPU _bspa _cPE-LiUPU _erda |
||
| 049 | _aPRUA | ||
| 082 | 0 | 4 |
_a230.01 _bH22 _221 |
| 100 | 1 |
_aHäring, Bernhard, _eautor. |
|
| 245 | 1 | 3 |
_aLa ley de Cristo : _bla teología moral expuesta a sacerdotes y seglares. _n1 / _c[Versión de Juan de la Cruz Salazar (C.S.S.R.)]. |
| 264 | 1 |
_aBarcelona : _bEditorial Herder, _c1973. |
|
| 300 |
_a571 páginas ; _c21 cm |
||
| 336 |
_atext _2rdacontent |
||
| 337 |
_aunmediated _2rdamedia |
||
| 338 |
_avolume _2rdacarrier |
||
| 490 | 0 |
_aBiblioteca Herder: Sección de Teología y Filosofía ; _v33 |
|
| 504 | _aIncluye bibliografía. | ||
| 505 | 0 | _aEl llamamiento de Cristo: -El Hombre llamado al seguimiento de Cristo -- Forma y contenido del llamamiento de Cristo -- La respuesta del hombre: -La negativa de seguir a Cristo. El pecado -- La conversión -- Principios fundamentales de la entrega total a Cristo. | |
| 526 | _aSEG42 | ||
| 526 | _aSEG41 | ||
| 526 | _aSEG40 | ||
| 526 | _aSEG39 | ||
| 526 | _aP94 | ||
| 526 | _aP87 | ||
| 526 | _aP86 | ||
| 526 | _aP85 | ||
| 526 | _aP77 | ||
| 526 | _aP76 | ||
| 526 | _aP35 | ||
| 650 | 0 | 4 |
_aMoral cristiana. _93843 |
| 910 |
_ajck _bjvq _cjck |
||
| 942 |
_2ddc _cBOOK |
||
| 949 |
_a230.01 H22 1 _wDEWEY _c1 _i37088 _lCCODEBUL1 _mBUL _p00.00 _r0 _sY _tBOOK _u2015-04-23 _xTEOLOGIA _PP35 _0COMPRA _o.STAFF. Colección General |
||
| 949 |
_a230.01 H22 1 _wDEWEY _c2 _i11152 _lCCODEBUL1 _mBUL _p00.00 _r0 _sY _tBOOK _u2015-04-23 _xTEOLOGIA _zUNKNOWN _0COMPRA _o.STAFF. Colección General |
||
| 994 |
_aC0 _bPEPRU |
||
| 596 | _a1 | ||
| 999 |
_a230.01 H22 1 _wDEWEY _c21589 _i37088 _f2021-11-11 _g6 _lCCODEBUL1 _mBUL _r0 _sY _tBOOK _u2015-4-23 _xTEOLOGIA _PP35 _0COMPRA _o.STAFF. Colección General _d21589 |
||
| 999 |
_a230.01 H22 1 _wDEWEY _c2 _i11152 _f2021-11-11 _g6 _lCCODEBUL1 _mBUL _r0 _sY _tBOOK _u2015-4-23 _xTEOLOGIA _zUNKNOWN _0COMPRA _o.STAFF. Colección General |
||
| 980 |
_81 _gALBERTO SANCHEZ Responsable de Automatización |
||